Hidden Country Names - Statistics

General Stats
  • This quiz has been taken 54 times
    52 since last reset
  • The average score is 9 of 20
Answer Stats
Sentence Answer % Correct
Can a dumb dog do tricks? Canada
94%
If you are confused, ask Siri a question to find out. Syria
94%
In the game, I racked up quite a few points! Iraq
72%
If you rush a job, then it won't be done well. Russia
63%
Did you say shells are your favorite thing to collect? Seychelles
59%
Robots want a world takeover! Botswana
53%
Did your booty get stolen by the bad pirates? Djibouti
53%
To win the game, you have to wager many points. Germany
47%
The geometry quiz asks about a cube, a sphere, and a prism. Cuba
44%
We need to tile and finish the shower in the bathroom this week. Thailand
44%
Do not lick the pole and get your tongue stuck when it's cold outside! Poland
41%
Santa is real to many young children! Israel
38%
I mulled over the decision for quite a while. Moldova
38%
To join sentences, use but, and, or another conjunction. Andorra
34%
If you lick, then sign the envelope, it should be good to go. Liechtenstein
34%
Tell the landscaper we need more rock over there! Morocco
31%
Sir, be a kind man and hold the door open for that young lady. Serbia
28%
It'll either be really hard or really easy Italy
25%
Matter is what teeny tiny and great big things are made of. Eswatini
22%
All the best items are gone a day after they go on sale! Ghana
22%
No matching quizzes found
Score Distribution
Percent of People with Each Score
Percentile by Number Answered
Your Score History
You have not taken this quiz since the last reset